000 00328nam a2200121Ia 4500
008 170620s9999 xx 000 0 und d
100 _aBLOCK - JOHN- H
245 0 _aWILLSON - ORGANIC MEDICAL & PHARMACUTICAL CHEMISTRY
260 _bCBS DELHI
260 _c2006
300 _a991
546 _aEnglish
690 _aORGANIC MEDICAL & PHARMACUTICAL CHEMISTRY
999 _c30744
_d30744